Heinemann dental dictionary / (Record no. 23868)

MARC details
000 -LEADER
fixed length control field 00696nam a22002055a 4500
005 - DATE AND TIME OF LATEST TRANSACTION
control field 20170108140737.0
008 - FIXED-LENGTH DATA ELEMENTS--GENERAL INFORMATION
fixed length control field 170108s1997 enka frd 000 0 eng d
020 ## - INTERNATIONAL STANDARD BOOK NUMBER
International Standard Book Number 9772690268
040 ## - CATALOGING SOURCE
Original cataloging agency EG-ScBUE
Language of cataloging eng
Transcribing agency EG-ScBUE
Modifying agency EG-ScBUE
082 04 - DEWEY DECIMAL CLASSIFICATION NUMBER
Edition number 22
Classification number 617.6003
Item number FAI
100 1# - MAIN ENTRY--PERSONAL NAME
Personal name Fairpo, Jenifer E. H.
245 10 - TITLE STATEMENT
Title Heinemann dental dictionary /
Statement of responsibility, etc Jenifer E. H. Fairpo and C. Gavin Fairpo.
250 ## - EDITION STATEMENT
Edition statement 4th ed., Middle East ed.
260 ## - PUBLICATION, DISTRIBUTION, ETC. (IMPRINT)
Place of publication, distribution, etc Oxford :
Name of publisher, distributor, etc Butterworth Heinemann ;
Place of publication, distribution, etc Giza :
Name of publisher, distributor, etc Mass Publishing Co. ;
Date of publication, distribution, etc 1997.
300 ## - PHYSICAL DESCRIPTION
Extent xvii, 347 p. :
Other physical details ill. ;
Dimensions 24 cm.
650 #7 - SUBJECT ADDED ENTRY--TOPICAL TERM
Source of heading or term BUEsh
9 (RLIN) 40808
Topical term or geographic name as entry element Dentistry
Form subdivision Dictionaries.
653 ## - INDEX TERM--UNCONTROLLED
Resource For college
Arrived date list January2017
700 1# - ADDED ENTRY--PERSONAL NAME
Personal name Fairpo, C. Gavin.
942 ## - ADDED ENTRY ELEMENTS (KOHA)
Source of classification or shelving scheme Dewey Decimal Classification
Holdings
Withdrawn status Item status Source of classification or shelving scheme Damaged status Not for loan Vendor Home library Current library Shelving location Date acquired Source of acquisition Serial Enumeration / chronology Total Checkouts Full call number Barcode Date last seen Koha item type
    Dewey Decimal Classification       Central Library Central Library Ground Floor 08/01/2017 Donation 0000485   617.6003 FAI 000040816 15/07/2025 Reference (NB)